| 000 | 00681 a2200169 4500 | ||
|---|---|---|---|
| 999 |
_c10351 _d10351 |
||
| 020 | _a9780582608856 | ||
| 050 | _aBS2589. COU 1964 | ||
| 100 |
_aCoutts, John _d1934- _eauthor |
||
| 245 |
_aHow the Christian Faith began : _ba commentary on the Gospel according to St Luke and the Acts of the Apostles/ _cby J.J. Coutts with the assistance of P.E.S. Thompson. |
||
| 264 |
_aHarlow: _bLongman, _c 1964 |
||
| 300 | _avi, 250 pages : illustrations ; 22 cm pbk., maps, 1 plan | ||
| 500 | _alncludes index | ||
| 650 | _aBible. -- Luke -- Commentaries. | ||
| 650 | _aBible. -- Acts -- Commentaries. | ||
| 700 | _a Thompson, Prince Eustace Shokellu | ||
| 942 |
_2lcc _cBK _h2589 _iCOU _kBS |
||